| 000 | 00699nam a2200229 a 4500 | ||
|---|---|---|---|
| 999 |
_c4529 _d4529 |
||
| 001 | 4529 | ||
| 003 | BD-JhCC | ||
| 005 | 20171128172357.0 | ||
| 008 | 171128s1967 bg a|||| ||a| 000 0 ben d | ||
| 035 | _a(BD-JhCC)4529 | ||
| 040 |
_aBD-JhCC _dBD-JhCC |
||
| 041 | _aben | ||
| 082 |
_a551 _bBHU 1967 |
||
| 245 |
_aভূ-ত্বকের কথা / _cএ. এফ. এম. কামাল উদ্দিন (অনুদিত) |
||
| 260 |
_aঢাকা : _bবাংলা একাডেমী, _c1967. |
||
| 300 |
_a244p. : _c22 cm _billu; |
||
| 650 | _aEarth | ||
| 650 | _aGeology | ||
| 700 | _aউদ্দিন, এ. এফ. এম. কামাল | ||
| 942 |
_2ddc _cBK |
||